Statistics for Captain America 3 Quotes

Click here to take the quiz!

General Stats

  • This quiz has been taken 353 times
  • The average score is 10 of 13

Answer Stats

QuoteCharacter% Correct
That shield doesn't belong to you. You don't deserve it! My father made that shield!Iron-Man
98%
I got... homework.Spider-Man
95%
I ask you, as both warrior and king, how long do you think you can keep your friend safe from me?Black Panther
90%
I don't know if you've been in a fight before, but there's usually not this much talking.Falcon
89%
Vision, are you not letting me leave?Scarlet Witch
88%
Well, I played 18, I shot 18. Just can't seem to miss.Hawkeye
85%
Your mom's name was Sarah. You used to wear newspapers in your shoes.Winter Soldier
82%
Are you 'Tony Stank'?Stan Lee
79%
I know we're not perfect, but the safest hands are still our own.Captain America
70%
It's your conscience. We don't talk a lot these days.Ant-Man
69%
Because I didn't want you to be alone.Black Widow
69%
Mission Report: December 16, 1991.Zemo
67%
I became distracted.Vision
52%

Score Distribution

Percentile by Number Answered

Percent of People with Each Score

Your Score History

You have not taken this quiz